[Event "Oslo ASKO Pinseturnering"]
[Site "Oslo"]
[Date "2008.05.10"]
[Round "1"]
[White "Hammer, Jon Ludvig"]
[Black "Stava, Sissel Janneth"]
[Result "1-0"]
[WhiteElo "2482"]
[BlackElo "1846"]
[PlyCount "43"]
[EventDate "2008.05.10"]
[EventType "swiss"]
[EventRounds "6"]
[EventCountry "NOR"]
[SourceTitle "EXT 2010"]
[Source "ChessBase"]
[SourceDate "2010.11.25"]
[SourceVersion "1"]
[SourceVersionDate "2010.11.25"]
[SourceQuality "1"]

1. e4 d5 2. exd5 Qxd5 3. Nc3 Qd6 4. d4 Nf6 5. Nf3 a6 6. g3 Nc6 7. Bg2 Bg4 8. 0-0 0-0-0 9. h3 Bh5 10. Be3 e5 11. dxe5 Nxe5 12. g4 Qxd1 13. Raxd1 Rxd1 14. Rxd1 Nxf3+ 15. Bxf3 Bg6 16. g5 Nd7 17. Bg4 Bd6 18. Nd5 Kd8 19. c4 Bc2 20. Rd2 Ba4 21. c5 Be7 22. b3 1-0

[Event "Oslo ASKO Pinseturnering"]
[Site "Oslo"]
[Date "2008.05.10"]
[Round "4"]
[White "Stava, Sissel Janneth"]
[Black "Lilleoren, Morten"]
[Result "1-0"]
[WhiteElo "1846"]
[BlackElo "2053"]
[PlyCount "49"]
[EventDate "2008.05.10"]
[EventType "swiss"]
[EventRounds "6"]
[EventCountry "NOR"]
[SourceTitle "EXT 2010"]
[Source "ChessBase"]
[SourceDate "2010.11.25"]
[SourceVersion "1"]
[SourceVersionDate "2010.11.25"]
[SourceQuality "1"]

1. d4 Nf6 2. Bg5 Ne4 3. Bf4 c5 4. dxc5 Nxc5 5. Nc3 Nc6 6. Nf3 g6 7. Qd2 d6 8. e4 Bg7 9. Bh6 0-0 10. h4 Bg4 11. Bxg7 Kxg7 12. h5 gxh5 13. Ng5 h6 14. f3 e6 15. Nh3 Bxh3 16. Rxh3 Qg5 17. f4 Qg6 18. Qe3 Kh7 19. 0-0-0 Rad8 20. Be2 Rg8 21. Rxh5 Qxg2 22. f5 Rg5 23. Bf3 Qg3 24. Ne2 Rxh5 25. Nxg3 1-0

[Event "Oslo ASKO Pinseturnering"]
[Site "Oslo"]
[Date "2008.05.10"]
[Round "3"]
[White "Theting, Helge E"]
[Black "Stava, Sissel Janneth"]
[Result "0-1"]
[WhiteElo "1894"]
[BlackElo "1846"]
[PlyCount "88"]
[EventDate "2008.05.10"]
[EventType "swiss"]
[EventRounds "6"]
[EventCountry "NOR"]
[SourceTitle "EXT 2010"]
[Source "ChessBase"]
[SourceDate "2010.11.25"]
[SourceVersion "1"]
[SourceVersionDate "2010.11.25"]
[SourceQuality "1"]

1. e4 d5 2. exd5 Qxd5 3. Nc3 Qd6 4. Bc4 Nf6 5. d4 a6 6. Nge2 b5 7. Bd3 Bb7 8. f3 Nbd7 9. Bf4 Qb6 10. Qd2 e6 11. Ne4 Nxe4 12. Bxe4 Bd6 13. Be3 c5 14. 0-0 0-0 15. c3 Rac8 16. Rad1 c4 17. Kh1 Nf6 18. Bb1 Qc7 19. Bf4 Nd5 20. Bxd6 Qxd6 21. Ng3 f5 22. Rfe1 Rf6 23. Re5 Ne7 24. Nh5 Rh6 25. Nf4 Nc6 26. Re2 Nd8 27. d5 e5 28. Bxf5 Rc5 29. Be6+ Kf8 30. Nh3 Nxe6 31. dxe6 Rd5 32. Ng5 e4 33. f4 e3 34. Qd4 Rh4 35. Rxe3 Rxf4 36. e7+ Ke8 37. Ne6 Rf7 38. Rde1 Rxd4 39. Nxd4 Rf2 40. Rg3 Qf4 41. Rg1 g6 42. Ne6 Qd2 43. Nc7+ Kxe7 44. h3 Kd7 0-1

[Event "NOR-chB"]
[Site "Moss"]
[Date "2006.07.08"]
[Round "1"]
[White "Smeby, Ole"]
[Black "Stava, Sissel Janneth"]
[Result "1-0"]
[WhiteElo "1891"]
[BlackElo "1615"]
[PlyCount "83"]
[EventDate "2006.07.08"]
[EventType "swiss"]
[EventRounds "9"]
[EventCountry "NOR"]
[SourceTitle "EXT 2007"]
[Source "ChessBase"]
[SourceDate "2006.11.23"]
[SourceVersion "1"]
[SourceVersionDate "2006.11.23"]
[SourceQuality "1"]

1. d4 f5 2. Nc3 Nf6 3. Bg5 d5 4. Bxf6 exf6 5. e3 Be6 6. Bd3 c6 7. Nge2 g6 8. 0-0 Bd6 9. f3 Qc7 10. g3 Nd7 11. e4 fxe4 12. fxe4 0-0 13. exd5 Bxd5 14. Nxd5 cxd5 15. c3 Rae8 16. Qd2 f5 17. Rae1 Nf6 18. Nf4 Rxe1 19. Qxe1 Re8 20. Qd2 Bxf4 21. Rxf4 Qe7 22. Bb5 Qe1+ 23. Qxe1 Rxe1+ 24. Rf1 Rxf1+ 25. Kxf1 a6 26. Bd3 Kf7 27. a4 Ke6 28. Ke2 a5 29. Kf3 g5 30. b3 Ne4 31. Bxe4 fxe4+ 32. Ke3 b6 33. g4 h6 34. c4 Kd6 35. cxd5 Kxd5 36. h3 Kd6 37. Kxe4 Ke6 38. d5+ Kd6 39. Kd4 Kd7 40. Ke5 Ke7 41. d6+ Kd7 42. Kd5 1-0

[Event "Kragero op"]
[Site "Kragero"]
[Date "2005.11.20"]
[Round "4"]
[White "Hobber, Anders"]
[Black "Stava, Sissel Janneth"]
[Result "1-0"]
[WhiteElo "1432"]
[BlackElo "1568"]
[PlyCount "31"]
[EventDate "2005.11.18"]
[EventType "swiss"]
[EventRounds "5"]
[EventCountry "NOR"]
[SourceTitle "CBM 109 Extra"]
[Source "ChessBase"]
[SourceDate "2006.01.03"]
[SourceVersion "2"]
[SourceVersionDate "2006.01.03"]
[SourceQuality "1"]

1. e4 e5 2. Nf3 Nc6 3. d4 exd4 4. Bc4 Bb4+ 5. c3 dxc3 6. 0-0 Nge7 7. bxc3 Bc5 8. Ng5 Ne5 9. Nxf7 Nxf7 10. Bxf7+ Kxf7 11. Qh5+ g6 12. Qxc5 d6 13. Qe3 Rf8 14. Bb2 Kg8 15. c4 Be6 16. Qd4 1-0

[Event "Halden GP op-A"]
[Site "Halden"]
[Date "2005.09.04"]
[Round "4"]
[White "Rangoy, Helge"]
[Black "Stava, Sissel Janneth"]
[Result "0-1"]
[WhiteElo "1582"]
[BlackElo "1568"]
[PlyCount "56"]
[EventDate "2005.09.02"]
[EventType "swiss"]
[EventRounds "5"]
[EventCountry "NOR"]
[SourceTitle "EXT 2007"]
[Source "ChessBase"]
[SourceDate "2006.11.23"]
[SourceVersion "1"]
[SourceVersionDate "2006.11.23"]
[SourceQuality "1"]

1. e4 e5 2. Nf3 Nc6 3. d4 exd4 4. Nxd4 Bc5 5. c3 d5 6. Be3 Nxd4 7. cxd4 Bb4+ 8. Nc3 Bxc3+ 9. bxc3 dxe4 10. Bc4 Nf6 11. 0-0 0-0 12. f3 Nd5 13. Qd2 Bf5 14. Rae1 Nb6 15. Bb3 Qd7 16. d5 Rae8 17. Bc5 exf3 18. Bxf8 Rxf8 19. Rxf3 a5 20. a4 Bg6 21. Qd4 Qd6 22. c4 Nd7 23. Rg3 Nc5 24. Bc2 Ne6 25. Rxe6 fxe6 26. Bxg6 hxg6 27. Rxg6 e5 28. Qg4 Qc5+ 0-1

[Event "Halden GP op-A"]
[Site "Halden"]
[Date "2005.09.04"]
[Round "5"]
[White "Stava, Sissel Janneth"]
[Black "Andersen, Dag"]
[Result "1/2-1/2"]
[WhiteElo "1568"]
[BlackElo "1644"]
[PlyCount "84"]
[EventDate "2005.09.02"]
[EventType "swiss"]
[EventRounds "5"]
[EventCountry "NOR"]
[SourceTitle "EXT 2007"]
[Source "ChessBase"]
[SourceDate "2006.11.23"]
[SourceVersion "1"]
[SourceVersionDate "2006.11.23"]
[SourceQuality "1"]

1. d4 Nf6 2. Bg5 d5 3. Nf3 e6 4. e3 Be7 5. Bd3 h6 6. Bh4 0-0 7. 0-0 Nbd7 8. Nbd2 Re8 9. c4 b6 10. a3 Bb7 11. Rc1 Rc8 12. b4 a5 13. c5 c6 14. h3 Nh5 15. Bxe7 Qxe7 16. Ne5 Nhf6 17. Ndf3 axb4 18. axb4 bxc5 19. bxc5 Ra8 20. Qe2 Nxe5 21. Nxe5 Nd7 22. f4 Nxe5 23. fxe5 Ra3 24. Ra1 Rea8 25. Rxa3 Rxa3 26. e4 Qc7 27. exd5 cxd5 28. Rb1 Bc6 29. Rb6 Ra1+ 30. Kh2 Ra3 31. Bb1 f5 32. Qh5 Ra4 33. Qd1 Ra3 34. Qd2 Ra8 35. Qb2 Qc8 36. Bd3 Qe8 37. Ba6 Ba4 38. Bb7 Rd8 39. c6 Bxc6 40. Bxc6 Qg6 41. Qa3 f4 42. Qe7 Qg3+ 1/2-1/2

[Event "Halden GP op-A"]
[Site "Halden"]
[Date "2005.09.03"]
[Round "2"]
[White "Hansen, Torbjorn Ringdal"]
[Black "Stava, Sissel Janneth"]
[Result "1-0"]
[WhiteElo "2306"]
[BlackElo "1568"]
[PlyCount "61"]
[EventDate "2005.09.02"]
[EventType "swiss"]
[EventRounds "5"]
[EventCountry "NOR"]
[SourceTitle "EXT 2007"]
[Source "ChessBase"]
[SourceDate "2006.11.23"]
[SourceVersion "1"]
[SourceVersionDate "2006.11.23"]
[SourceQuality "1"]

1. c4 f5 2. Nf3 Nf6 3. g3 g6 4. Bg2 Bg7 5. 0-0 0-0 6. Nc3 d6 7. d4 Nc6 8. d5 Ne5 9. Nxe5 dxe5 10. e4 f4 11. b4 g5 12. Bb2 g4 13. Re1 f3 14. Bf1 h5 15. c5 h4 16. Qd2 hxg3 17. hxg3 Nh5 18. Qg5 Nxg3 19. Bc4 Qe8 20. d6+ Kh7 21. fxg3 f2+ 22. Kg2 fxe1Q 23. Rxe1 e6 24. Rh1+ Kg8 25. Nb5 cxd6 26. Nxd6 Qa4 27. Bb3 Qxb4 28. Bxe5 Rf2+ 29. Kxf2 Qxc5+ 30. Kg2 Qxe5 31. Rh8+ 1-0